00258nam a2200097Ia 4500001000800000005001700008008004100025020001800066245005700084260001900141127601720260417160439.0260417s9999 xx 000 0 und d a9786256698871 0aDünyayı Kurtaran KitapcAbdullah Dide Şentürk bKetebe Çocuk